| 000 | 00733nam a22001337a 4500 | ||
|---|---|---|---|
| 040 | _cRUA | ||
| 082 | _aAGR THE 2016 B604 Or.1 | ||
| 100 | _aTHEANG ETH ,ធៀង អែត | ||
| 245 | _aeffect of calcium carbon ate in rice substrate on growth and storability straw musthroom spawns in plastic bag,ឥទ្ធិពលនែអត្រាកំបោរលើការលូតលាស់និងរយះពេលស្តុបទុកនែផ្សិតចំបើងបណ្តុះក្នុងថង់ប្លាស្ទិច | ||
| 260 |
_aphnom penh _brua _c2016 |
||
| 300 |
_aix;37p; _bill; _c29cm; |
||
| 856 | _uhttps://drive.google.com/file/d/1WNBxtZQD9to3lnGtHFSPVSyCtC-znk8U/view?usp=sharing | ||
| 942 | _cVEM | ||
| 999 |
_c17043 _d17043 |
||